000 01613nam a22002537a 4500
005 20120710113130.0
010 _aB-462429-433
020 _a9788126903535
_c395.00
035 _aB-462429-433
037 _adpl
_bK.K.Pub/Ven
082 _a891.4427
100 _aPandya N. Ketkin
_950075
245 _aTagore's Chitra and Aurbindo's Savitri:
_bA Comparative Study/
_cby Ketki N. Pandya
260 _aNew Delhi
_bAtlantic Publishers
_c2004
270 _aB-2 Vishal Enclave, Opp. Rajouri Garden
_bNew Delhi
300 _a168p
_c21cm
942 _2ddc
_cEN
_h891.4427
_mPAN
999 _c68364
_d68364